000 00334 a2200157 4500
001 59809
020 _a9783789151255
040 _cAnchieta - Pituba
100 _aWilks, Mike
240 1 0 _aMirror scape
_lpor
245 1 0 _aMirror scape
300 _a447
362 0 _a2008
650 4 _aLiteratura juvenil em alemão
942 _cBK
999 _c59809
_d59809